LEADER 01069nam a2200253 i 4500 001 000000037505 003 CaOOAMICUS 005 20100216000000.0 008 100216s1938 it u000 u ita u 013 $a7790 040 $aSeMil$bita 100 1 $aBelon, Paolo,$c.$0(OLS)http://semarc/name/17882 245 10$aMater Christi :$bcorredenzione e sacerdozio /$cPaolo Belon S. M ; Traduzione del Sac. M. Andreoletti con note. 260 $aMilano :$bÀncora,$cstampa 1938. 300 $a191 p. ;$c16 cm. 490 0 $aCapolavori ascetici e mistici ;$v10 650 4$aMeditazioni.$0(OLS)http://semarc/subject/1352 700 1 $aAndreoletti, Maurilio.$0(OLS)http://semarc/name/17883 830 0$aCapolavori ascetici e mistici ;$v10.$0(OLS)http://semarc/title/6720 850 $aSeMil 852 $aSeMil$W1$xVenegono$y1$m3F I 93$j3660$B3660$CSeMilBibl$Z2$F3660 $81 961 $aOmaggio: Deposito 996 $6245$aMater Christi :$bcorredenzione e sacerdozio$9(OLS)http://semarc/title/52533 996 $6260$aMilano :$bÀncora$9(OLS)http://semarc/publisher/29763 LEADER 01262nam a2200289 i 4500 001 000000064801 003 CaOOAMICUS 005 20220505094025.0 008 131021s1976 fr u000 u fre u 013 $a35973 020 $a2-204-01047-2 040 $aSeMil$bita 100 1 $aDubarle, André Marie,$c.$0(OLS)http://semarc/name/7274 245 13$aLa manifestation naturelle de Dieu d'après l'Écriture /$cA.-M. Dubarle. 260 $aParis :$bLes Éditions du Cerf,$c1976. 300 $a265 p. ;$c22 cm. 490 1 $aLectio divina ;$v91 650 4$aDio - Conoscibilità naturale.$0(OLS)http://semarc/subject/6857 650 4$aDio.$0(OLS)http://semarc/subject/4429 650 4$aBibbia. Antico Testamento - Commentari, studi, critica, interpretazioni.$0(OLS)http://semarc/subject/2 830 0$aLectio divina ;$v91.$0(OLS)http://semarc/title/8 850 $aSeMil 852 $aSeMil$W1$xVenegono$y1$m2WA K 91$j30954$B30954$CSeMilBibl$Z2$F30957 $81 996 $6020$a2-204-01047-2$9(OLS)http://semarc/number/41888 996 $6245$aLa manifestation naturelle de Dieu d'après l'Écriture$9(OLS)http://semarc/title/102724 996 $6260$aParis :$bLes Éditions du Cerf$9(OLS)http://semarc/publisher/29611